000 00453nmm a2200157Ia 4500
008 251105s9999||||xx |||||||||||||||||und||
041 _aspa
100 _aHoffmann, E. T. A.
245 0 _aCuentos de música y músicos
264 _a[Madrid, España] :
_bAkal,
_c2019
300 _a240 páginas
490 _aClásicos de la Literatura Eslava
650 _aOther narratives
856 _uhttps://public.digitaliapublishing.com/a/60728
942 _cCF
999 _c98723
_d98723